000 00560nam a2200229Ia 4500
003 OSt
005 20221005120227.0
006 a|||||r|||| 00| 0
007 ta
008 221004b |||||||| |||| 00| 0 kan d
024 _a57269
037 _cTextual
040 _aCRL
_cCRL
_bkan
041 _2kan
_akan
082 _aO33,3NVA,1, K1
100 _aBhairappa Au.
_9628803
245 0 _aDharma sri
260 _c1961
650 _aKANNAD FICTION
942 _hO33,3NVA,1, K1
_cTEXL
_2cc
999 _c1037275
_d1037275